| 000 | 00839cam a22002657a 4500 | ||
|---|---|---|---|
| 003 | CHAP | ||
| 005 | 20220329134911.0 | ||
| 008 | 971013s1987 r 00010 d | ||
| 010 | _a27770 | ||
| 011 | _a28742 | ||
| 035 | _a32850 | ||
| 040 | _cCHAP | ||
| 090 | _aFolleto 11664 | ||
| 110 |
_aInstituto Nacional de Estadística, Geografía e Informática. México _959304 |
||
| 245 | 0 |
_aFormato de bases para celebrar licitación pública nacional de bienes y _c/ o servicios informáticos |
|
| 260 |
_aMéxico, D.F. : _bEl Instituto, _c1987 |
||
| 300 | _a28 p | ||
| 590 |
_aBATCH-UPD _b10 _c20130110 _lUCH01 _h1344 |
||
| 590 |
_aCONVERSION _b10 _c20130109 _lUCH01 _h1316 |
||
| 650 | 1 | 4 |
_aCompras. _926106 |
| 650 | 1 | 4 |
_aComputadoras. _926129 |
| 901 | _aBK | ||
| 942 | _cFOLL | ||
| 949 |
_aFolleto 11664 _bBC _cFOLL _d-76538 _eTS1 _i32850 _mD _si |
||
| 999 |
_c27770 _d27770 |
||